Catálogo público

Invernaderos : (Record no. 206445)

MARC details
000 -CABECERA
campo de control de longitud fija 00815nam a2200277Ia 4500
001 - NÚMERO DE CONTROL
campo de control Para_7810
003 - IDENTIFICADOR DEL NÚMERO DE CONTROL
campo de control CHAP
008 - DATOS DE LONGITUD FIJA--INFORMACIÓN GENERAL
campo de control de longitud fija 220125s1989 xx 000 0 und d
010 ## - NÚMERO DE CONTROL DE LA BIBLIOTECA DEL CONGRESO
Número de control de LC 206445
040 ## - FUENTE DE LA CATALOGACIÓN
Centro/agencia transcriptor CHAP
082 ## - NÚMERO DE LA CLASIFICACIÓN DECIMAL DEWEY
Número de clasificación PA 631.583 M3
100 ## - ENTRADA PRINCIPAL--NOMBRE DE PERSONA
Nombre de persona Matallana González, Antonio
9 (RLIN) 72890
245 ## - MENCIÓN DE TÍTULO
Título Invernaderos :
Resto del título diseño, construcción y climatización /
Mención de responsabilidad, etc. por Antonio Matallana González y Juan Ignacio Montero Camacho
250 ## - MENCIÓN DE EDICIÓN
Mención de edición 2; rev. y ampl.
260 ## - PUBLICACIÓN, DISTRIBUCIÓN, ETC.
Lugar de publicación, distribución, etc. Madrid :
Nombre del editor, distribuidor, etc. Ediciones Mundi-Prensa
300 ## - DESCRIPCIÓN FÍSICA
Extensión 209 p.
650 ## - PUNTO DE ACCESO ADICIONAL DE MATERIA--TÉRMINO DE MATERIA
Término de materia o nombre geográfico como elemento de entrada Invernaderos
9 (RLIN) 60172
700 ## - PUNTO DE ACCESO ADICIONAL--NOMBRE DE PERSONA
Nombre de persona Montero Camacho, Juan Ignacio
9 (RLIN) 77806
901 ## - ELEMENTOS DE DATOS A LOCAL LDA (RLIN)
a PA 631.583 M3
902 ## - ELEMENTOS DE DATOS B LOCAL, LDB (RLIN)
a A
905 ## - ELEMENTOS DE DATOS E LOCAL, LDE (RLIN)
a 0000001989 ai 0000000000 00
910 ## - DATOS DE OPCIÓN DEL USUARIO (OCLC)
Datos de opción del usuario 1989
942 ## - ELEMENTOS DE PUNTO DE ACCESO ADICIONAL (KOHA)
Tipo de ítem Koha Parasitologia_
942 ## - ELEMENTOS DE PUNTO DE ACCESO ADICIONAL (KOHA)
Tipo de ítem Koha Parasitologia_
-- 1
Holdings
Estado de retiro Estado de pérdida Fuente del sistema de clasificación o colocación Estado dañado Restricciones de uso No para préstamo Código de colección Localización permanente Ubicación/localización actual Fecha de adquisición Número de inventario Total de préstamos Signatura topográfica completa Código de barras Fecha visto por última vez Número de copia Precio válido a partir de Tipo de ítem Koha Nota pública
    Dewey Decimal Classification   Préstamo 3 días   General Parasitologia Agricola Parasitologia Agricola 27/10/2005 (PA_8263) (No. UACh C/E)   PA 631.583 M3 4102001632 25/01/2022 Ej.1 25/01/2022 Libro 3